Central Library OPAC University of Rajshahi

The role of the military professional in U.S. foreign policy / (Record no. 1812)

MARC details
000 -LEADER
fixed length control field 00969nam a2200289 4500
001 - CONTROL NUMBER
control field 1812
003 - CONTROL NUMBER IDENTIFIER
rucl marc code BD-RjUL
005 - DATE AND TIME OF LATEST TRANSACTION
control field 20211208233421.0
008 - FIXED-LENGTH DATA ELEMENTS--GENERAL INFORMATION
fixed length control field 131209r19731972nyu b 001 0 eng
035 ## - SYSTEM CONTROL NUMBER
System control number (BD-RjUL)1839
040 ## - CATALOGING SOURCE
Original cataloging agency DLC
Transcribing agency DLC
Modifying agency DLC
-- BD-RjUL
Language of cataloging eng
041 ## - LANGUAGE CODE
Language code of text/sound track or separate title eng
082 00 - DEWEY DECIMAL CLASSIFICATION NUMBER
Classification number 327.73
Edition number 19
Author mark and year BLR 1973
100 1# - MAIN ENTRY--PERSONAL NAME
Personal name Bletz, Donald F.
9 (RLIN) 6005
245 14 - TITLE STATEMENT
Title The role of the military professional in U.S. foreign policy /
Statement of responsibility, etc. [by] Donald F. Bletz.
260 ## - PUBLICATION, DISTRIBUTION, ETC. (IMPRINT)
Place of publication, distribution, etc. New York :
Name of publisher, distributor, etc. Praeger Publisher,
Date of publication, distribution, etc. c1972 [Printing 1973]
300 ## - PHYSICAL DESCRIPTION
Pagination xiv, 320 p.
Size 25 cm.
350 ## - PRICE (NR) (BK AM CF MU VM SE) [OBSOLETE]
Price $16.50
490 0# - SERIES STATEMENT
Series statement Praeger special studies in U.S. economic and social development
504 ## - BIBLIOGRAPHY, ETC. NOTE
Bibliography, etc Includes bibliographical references.
651 #0 - SUBJECT ADDED ENTRY--GEOGRAPHIC NAME
Geographic name United States
General subdivision Foreign relations.
9 (RLIN) 6006
Geographic name United States
General subdivision Armed Forces
-- Political activity.
9 (RLIN) 6007
Geographic name United States
General subdivision Military policy.
9 (RLIN) 6008
942 ## - ADDED ENTRY ELEMENTS (KOHA)
Source of classification or shelving scheme Dewey Decimal Classification
Koha item type Books
Holdings
Lost status Source of classification or shelving scheme Damaged status Not for loan Collection code Permanent Location Current Location Shelving location Date acquired Source of acquisition Cost, normal purchase price Total Checkouts Full call number Date last seen Copy number Koha item type
  Dewey Decimal Classification   Not For Loan Non-fiction Central Library, University of Rajshahi Central Library, University of Rajshahi Reading Room 31/05/1975 Jonathon Wren & Co. 7.00   327.73 BLR 1973 09/12/2013 C-1 Books